000 00592nam a2200217Ia 4500
003 OSt
005 20220928135549.0
006 a|||||r|||| 00| 0
007 ta
008 220927b |||||||| |||| 00| 0 eng d
024 _a3194
037 _cTextual
040 _aSDCL
_cSDCL
_beng
041 _2eng
_aeng
082 _aX:531.3'N7, L4
100 _aDrummond Ian M
_9491584
245 0 _aImperial economic policy 1917-1939
_b Studies in expansion and protection
260 _c1974
942 _hX:531.3'N7, L4
_cTEXL
_2CC
999 _c806988
_d806988